00845nam a2200181 a 450000100100000000500170001000800410002704000250006808200150009310000420010824500920015026000740024230000300031604900090034695201190035595201720047499900170064600002804420240305122052.0110406s1957 dr c 000 0 spa d aDO-SdBNPbspacBNPHU axxxbH565c1 aHerrera, César A.,d1910-19889833310aCordell Hull :bPaladín de la democracia y del Panamericanismo /cCésar A. Herrera. aCiudad Trujillo, República Dominicana :bEditora del Caribe,c1957. a32 p. :bretrs. ;c24 cm. aBNPD 0010718PDaPDbPDcCTd2011-08-01iLF1l0oxxx H565cp28044-20r2020-06-25te. 2w2020-06-25yLFPDZNo se presta 001050718RVaPDbPDcHDd2011-04-06iLF1l0oxxx H565cp28044-10r2020-06-25w2020-06-25y1zPerteneció a la biblioteca personal de Martínez Boog.ZNo se presta c27536d27536